000 00564nam a22001817a 4500
005 20251108170820.0
008 250721s1998 xx 000 0 ara d
082 1 4 _a344.0469565/كري
100 1 _aكشاكش، كريم
245 1 0 _aالتشريعات البيئية في المملكة الأردنية الهاشمية في ضوء الإتفاقات الدولية /
264 1 _aعمان :
_c1998.
300 _a319ص
650 1 7 _aقانون البيئة
650 1 7 _aالتلوث
650 1 7 _aالأردن
942 _2ddc
_cBK
999 _c49663
_d49663